000 00330 a2200145 4500
999 _c12027
_d12027
003 OSt
005 20240117172105.0
008 240117b ||||| |||| 00| 0 eng d
020 _a9780070658141
082 _a720.285
100 _aM. Saleh Uddin
245 _aDigital Architecture
260 _bMcGraw-Hill
_c1999
942 _2ddc